| 000 | 00410nam a22001457a 4500 | ||
|---|---|---|---|
| 082 |
_a551.5 _bPIC _cLp-tech, P-32 |
||
| 100 |
_aPick W.H _940198 |
||
| 245 |
_aA short course in elementary meteorology _cPick W.H |
||
| 260 |
_aLondon _bH.M Stationar office _c1933 |
||
| 300 |
_a144 P.: _bill,: |
||
| 526 |
_a0 _b0 _c0 _d551_500000000000000_PIC |
||
| 650 |
_aMCE _9379 |
||
| 700 |
_aPick W.H _940198 |
||
| 942 |
_2ddc _cBK |
||
| 999 |
_c544683 _d544683 |
||